Phân tích các yếu tố ảnh hưởng đến sự đa dạng hóa thu nhập của nông hộ tại huyện Bình Tân, Vĩnh Long : Luận văn thạc sĩ. Ngành kinh tế nông nghiệp
Khảo sát thực trạng và phân tích các yếu tố ảnh hưởng đến sự đa dạng hóa thu nhập của nông hộ tại huyện Bình Tân, Vĩnh Long
Gardado en:
| Autor Principal: | |
|---|---|
| Formato: | Libro |
| Idioma: | Undetermined |
| Publicado: |
Cần Thơ
Trường Đại học Cần Thơ
2016
|
| Những chủ đề: | |
| Các nhãn: |
Engadir etiqueta
Sen Etiquetas, Sexa o primeiro en etiquetar este rexistro!
|
| Thư viện lưu trữ: | Trung tâm Học liệu Trường Đại học Cần Thơ |
|---|
| LEADER | 01112nam a2200229Ia 4500 | ||
|---|---|---|---|
| 001 | CTU_215794 | ||
| 008 | 210402s9999 xx 000 0 und d | ||
| 082 | |a 338.1 | ||
| 082 | |b Th108 | ||
| 088 | |a 60620115 | ||
| 100 | |a Võ, Minh Phương Thảo | ||
| 245 | 0 | |a Phân tích các yếu tố ảnh hưởng đến sự đa dạng hóa thu nhập của nông hộ tại huyện Bình Tân, Vĩnh Long : | |
| 245 | 0 | |b Luận văn thạc sĩ. Ngành kinh tế nông nghiệp | |
| 245 | 0 | |c Võ Minh Phương Thảo ; Vương Quốc Duy (Người hướng dẫn) | |
| 260 | |a Cần Thơ | ||
| 260 | |b Trường Đại học Cần Thơ | ||
| 260 | |c 2016 | ||
| 520 | |a Khảo sát thực trạng và phân tích các yếu tố ảnh hưởng đến sự đa dạng hóa thu nhập của nông hộ tại huyện Bình Tân, Vĩnh Long | ||
| 650 | |a Agriculture,Nông nghiệp | ||
| 650 | |x Economic aspects,Khía cạnh kinh tế | ||
| 904 | |i Nguyên | ||
| 980 | |a Trung tâm Học liệu Trường Đại học Cần Thơ | ||